[Event "35th Zalakaros Open 2016"]
[Site "Zalakaros HUN"]
[Date "2016.06.04"]
[Round "9.35"]
[White "Cebalo, Miso"]
[Black "Szabo, Attila1"]
[Result "1/2-1/2"]
[WhiteTitle "GM"]
[BlackTitle "FM"]
[WhiteElo "2407"]
[BlackElo "2315"]
[WhiteFideId "14500094"]
[BlackFideId "1206532"]
[EventDate "2016.05.27"]

1. d4 d5 2. c4 c6 3. Nf3 e6 4. Qc2 Nf6 5. Bg5 Nbd7 6. cxd5 exd5 7. Nc3 Be7 8. e3
Nh5 9. Bxe7 Qxe7 10. O-O-O Nhf6 11. Bd3 Nb6 12. h3 Be6 13. Kb1 O-O-O 14. Rc1 Kb8
15. Nd2 Rhe8 16. Na4 Nxa4 17. Qxa4 Ne4 18. Bxe4 dxe4 19. Nb3 Bxb3 20. Qxb3 Qe6
21. Rc4 Rd5 22. Rhc1 Rc8 23. Rb4 Rc7 24. Qd1 g6 25. a3 h5 26. Rc2 Rcd7 27. Rbc4
a6 28. b4 Kc8 29. Kb2 Kd8 30. Rc5 Ke8 31. Qg1 Ke7 32. g4 hxg4 33. hxg4 Rxc5 34.
bxc5 b5 35. cxb6 Rb7 36. Qg3 Rxb6+ 37. Kc1 Qd6 38. Qxd6+ Kxd6 39. Rc4 Rb5 40.
Kc2 Rg5 41. Kd2 Ra5 42. Rc3 Rb5 43. Ke2 Kd5 44. Kf1 c5 45. dxc5 Rxc5 46. Rb3 Rb5
47. Rc3 1/2-1/2

[Event "35th Zalakaros Open 2016"]
[Site "Zalakaros HUN"]
[Date "2016.06.04"]
[Round "9.36"]
[White "Paschall, William M."]
[Black "Warakomska, Anna"]
[Result "1/2-1/2"]
[WhiteTitle "IM"]
[BlackTitle "WIM"]
[WhiteElo "2377"]
[BlackElo "2298"]
[WhiteFideId "2005379"]
[BlackFideId "1130790"]
[EventDate "2016.05.27"]

1. Nf3 d5 2. g3 c6 3. Bg2 Nf6 4. O-O Bf5 5. c4 e6 6. Qb3 Qb6 7. d3 Nbd7 8. cxd5
exd5 9. Qc2 Be7 10. Nc3 O-O 11. Rb1 a5 12. Be3 Qd8 13. Bd2 1/2-1/2

[Event "35th Zalakaros Open 2016"]
[Site "Zalakaros HUN"]
[Date "2016.06.04"]
[Round "9.37"]
[White "Tate, Alan"]
[Black "Fogarasi, Tibor"]
[Result "1-0"]
[WhiteTitle "FM"]
[BlackTitle "GM"]
[WhiteElo "2307"]
[BlackElo "2372"]
[WhiteFideId "2401878"]
[BlackFideId "700363"]
[EventDate "2016.05.27"]

1. Nf3 Nf6 2. c4 g6 3. Nc3 d5 4. cxd5 Nxd5 5. Qb3 Nb6 6. d4 Be6 7. Qc2 Bg4 8.
Qe4 Bxf3 9. gxf3 c6 10. Bg5 Bg7 11. e3 N8d7 12. Rd1 Nf6 13. Qc2 h6 14. Bxf6 Bxf6
15. f4 e6 16. Bg2 Nd5 17. O-O O-O 18. Kh1 Ne7 19. Ne4 Nf5 20. Nc5 Qe7 21. Be4
Rac8 22. b4 Kh8 23. a3 Rg8 24. Rg1 Nd6 25. Bf3 g5 26. e4 b6 27. Nb3 Bg7 28. e5
Nf5 29. fxg5 hxg5 30. Be4 Nh4 31. Qe2 Bh6 32. Qh5 Qf8 33. f4 f5 34. Bb1 Rc7 35.
fxg5 Rh7 36. gxh6 Rxh6 37. Rxg8+ Kxg8 38. Qg5+ Kh7 39. Qf4 Qg7 40. Rd2 Kg8 41.
Qf2 Rg6 42. Rd1 Qd7 43. d5 cxd5 44. Nd4 Qe7 45. Rg1 Rxg1+ 46. Qxg1+ Kf7 47. Qc1
Ng6 48. Nf3 a5 49. Qh6 Nf8 50. Qh5+ Kg7 51. Qg5+ Kf7 52. Qxe7+ Kxe7 53. Kg2 axb4
54. axb4 Ng6 55. Kf2 d4 56. Ke2 1-0

[Event "35th Zalakaros Open 2016"]
[Site "Zalakaros HUN"]
[Date "2016.06.04"]
[Round "9.38"]
[White "Balint, Vilmos"]
[Black "Skawinski, Arkadiusz"]
[Result "1-0"]
[BlackTitle "FM"]
[WhiteElo "2289"]
[BlackElo "2367"]
[WhiteFideId "718050"]
[BlackFideId "1126415"]
[EventDate "2016.05.27"]

1. Nf3 d5 2. g3 Nf6 3. Bg2 c6 4. O-O Bg4 5. c4 e6 6. d3 Nbd7 7. cxd5 exd5 8. Nc3
Bd6 9. Qb3 Qb6 10. Qc2 O-O 11. e4 Qa6 12. Nd4 Ne5 13. h3 Bd7 14. Bg5 Qxd3 15.
Qxd3 Nxd3 16. Bxf6 gxf6 17. exd5 Be5 18. dxc6 Bxc6 19. Nxc6 bxc6 20. Bxc6 Rab8
21. Rab1 Rfc8 22. Nd5 Kf8 23. Ba4 Nxb2 24. Bb3 Rc5 25. Ne3 a5 26. Bc2 Kg8 27.
Be4 Rb4 28. Bf3 Rb8 29. Ng4 Bd4 30. Rfd1 Rc3 31. Rxd4 1-0

[Event "35th Zalakaros Open 2016"]
[Site "Zalakaros HUN"]
[Date "2016.06.04"]
[Round "9.39"]
[White "Havasi, Gergo"]
[Black "Tarhon, Brian"]
[Result "1-0"]
[BlackTitle "FM"]
[WhiteElo "2367"]
[BlackElo "2285"]
[WhiteFideId "760293"]
[BlackFideId "423190"]
[EventDate "2016.05.27"]

1. e4 c5 2. Nf3 e6 3. d4 cxd4 4. Nxd4 Nc6 5. Nc3 Qc7 6. Be3 a6 7. Qd2 Nf6 8. f4
Bb4 9. Bd3 Na5 10. a3 Bxc3 11. Qxc3 Qxc3+ 12. bxc3 d5 13. e5 Ne4 14. Nb3 Nc4 15.
Bxc4 dxc4 16. Na5 b5 17. Bd4 f5 18. exf6 gxf6 19. O-O O-O 20. Rae1 f5 21. Rf3 h6
22. Rxe4 fxe4 23. Rg3+ Kf7 24. Nc6 e5 25. Nxe5+ Ke6 26. Rg6+ Rf6 27. g4 Rxg6 28.
Nxg6 h5 29. f5+ Kf7 30. h3 hxg4 31. hxg4 Bb7 32. Ne5+ Kf6 33. Nf3+ Ke7 34. Ng5
e3 35. f6+ Kd6 36. Bxe3 Ke5 37. Bd4+ Kf4 38. Ne6+ Kxg4 39. f7 Kf3 40. Kf1 Bd5
41. f8=Q+ Rxf8 42. Nxf8 Be4 43. Ne6 Bxc2 44. Nc7 1-0

[Event "35th Zalakaros Open 2016"]
[Site "Zalakaros HUN"]
[Date "2016.06.04"]
[Round "9.40"]
[White "Rigo, Janos"]
[Black "Baskin, Robert"]
[Result "0-1"]
[WhiteTitle "IM"]
[BlackTitle "FM"]
[WhiteElo "2238"]
[BlackElo "2359"]
[WhiteFideId "700371"]
[BlackFideId "24662402"]
[EventDate "2016.05.27"]

1. e4 c5 2. Nf3 d6 3. d4 cxd4 4. Nxd4 Nf6 5. Nc3 a6 6. g3 e5 7. Nb3 Be7 8. Bg2
O-O 9. O-O b5 10. Nd5 Nxd5 11. Qxd5 Ra7 12. Be3 Be6 13. Qd2 Rd7 14. Rfd1 Nc6 15.
Qc3 Qa8 16. f4 Rc8 17. Qd2 a5 18. f5 Bc4 19. Nc1 b4 20. a3 bxa3 21. b3 Ba6 22.
f6 Bxf6 23. Bh3 Rdc7 24. Bxc8 Rxc8 25. Rxa3 Nb4 26. Rxa5 Qxe4 27. Rxa6 Nxa6 28.
c3 d5 29. Bf2 Nc7 30. b4 h5 31. Nb3 h4 32. Nc5 Qg4 33. Re1 e4 34. Nb3 Ne6 35.
Qxd5 Ng5 36. Re3 Rd8 37. Qc4 Rd1+ 38. Be1 hxg3 39. hxg3 Rxe1+ 40. Rxe1 Qxg3+ 41.
Kf1 Qf3+ 42. Kg1 Nh3+ 0-1

[Event "35th Zalakaros Open 2016"]
[Site "Zalakaros HUN"]
[Date "2016.06.04"]
[Round "9.41"]
[White "Dolana, Andrei-Theodor"]
[Black "Dankhazi, Andras"]
[Result "1/2-1/2"]
[WhiteTitle "FM"]
[BlackTitle "FM"]
[WhiteElo "2354"]
[BlackElo "2267"]
[WhiteFideId "1219804"]
[BlackFideId "714267"]
[EventDate "2016.05.27"]

1. Nf3 d5 2. g3 g6 3. Bg2 Bg7 4. d3 e5 5. O-O Ne7 6. c4 dxc4 7. Qa4+ Nbc6 8.
dxc4 e4 9. Ng5 e3 10. Bxe3 Bxb2 11. Nd2 Bxa1 12. Rxa1 Nf5 13. Bxc6+ bxc6 14. Bc5
Nd6 15. Bxd6 cxd6 16. Qxc6+ Bd7 17. Qe4+ Kf8 18. Qd5 Be6 19. Qd4 Ke7 20. Nxe6
Kxe6 21. a4 f5 22. Ra3 Kf7 23. Qd5+ Kg7 24. Qb7+ Kh6 25. Rd3 Qf6 26. Qf3 Kg7 27.
c5 Rad8 28. c6 d5 29. Rc3 Rc8 30. c7 Qe5 31. Rc5 Rxc7 32. Rxd5 Qf6 33. Qf4 Re7
34. e3 Rc8 35. Rd6 Re6 36. Rd7+ Re7 37. Rd6 Re6 38. Rd7+ 1/2-1/2

[Event "35th Zalakaros Open 2016"]
[Site "Zalakaros HUN"]
[Date "2016.06.04"]
[Round "9.42"]
[White "Spalir, Jernej"]
[Black "Michelle Catherina, P"]
[Result "1-0"]
[WhiteTitle "FM"]
[BlackTitle "WIM"]
[WhiteElo "2330"]
[BlackElo "2179"]
[WhiteFideId "14606518"]
[BlackFideId "5005736"]
[EventDate "2016.05.27"]

1. e4 c6 2. d4 d5 3. Nc3 dxe4 4. Nxe4 Nd7 5. Bd3 Ngf6 6. Nxf6+ Nxf6 7. c3 g6 8.
Nf3 Bg4 9. O-O Bg7 10. h3 Bxf3 11. Qxf3 O-O 12. Re1 Re8 13. Bc4 Qd7 14. Bf4 Nd5
15. Bg3 Qf5 16. Qd1 b5 17. Bd3 Qd7 18. Qf3 e6 19. Rad1 Qd8 20. Bb1 a5 21. a4 Ra7
22. Be4 Rf8 23. b3 b4 24. cxb4 axb4 25. Rc1 Bxd4 26. Rxc6 Rd7 27. Rc4 Bc3 28.
Rd1 f5 29. Bxd5 exd5 30. Rc5 d4 31. Be5 Re8 32. Qc6 Qe7 33. Rd3 Qe6 34. Qxe6+
Rxe6 35. f4 Kf7 36. g4 fxg4 37. hxg4 Re8 38. Kg2 Ke6 39. Kf3 h5 40. gxh5 gxh5
41. Ke4 h4 42. Rc6+ Ke7 43. Rh6 Be1 44. Rxd4 Rxd4+ 45. Kxd4 Rc8 46. Kd5 Kf7 47.
f5 Rd8+ 48. Ke4 Rd2 49. Rh7+ Kg8 50. Rg7+ Kf8 51. f6 Bg3 52. Bxg3 hxg3 53. Rxg3
Kf7 54. Rg7+ Kxf6 55. Rb7 Rh2 56. Kd5 Rh5+ 57. Kc4 Rh4+ 58. Kc5 1-0

[Event "35th Zalakaros Open 2016"]
[Site "Zalakaros HUN"]
[Date "2016.06.04"]
[Round "9.43"]
[White "Barski, Radoslaw"]
[Black "Hristodoulou, Panagiotis"]
[Result "1/2-1/2"]
[BlackTitle "FM"]
[WhiteElo "2324"]
[BlackElo "2245"]
[WhiteFideId "1131710"]
[BlackFideId "4214340"]
[EventDate "2016.05.27"]

1. e4 e6 2. d4 d5 3. Nd2 c5 4. Ngf3 cxd4 5. exd5 Qxd5 6. Bc4 Qd8 7. O-O a6 8. a4
Nf6 9. Nb3 Qc7 10. Qe2 Nc6 11. Nbxd4 Nxd4 12. Nxd4 Be7 13. a5 O-O 1/2-1/2

[Event "35th Zalakaros Open 2016"]
[Site "Zalakaros HUN"]
[Date "2016.06.04"]
[Round "9.44"]
[White "Nomin-Erdene, Davaademberel"]
[Black "Nemec, Vjekoslav"]
[Result "1-0"]
[WhiteTitle "IM"]
[WhiteElo "2448"]
[BlackElo "2175"]
[WhiteFideId "4900782"]
[BlackFideId "14540274"]
[EventDate "2016.05.27"]

1. e4 e6 2. d4 d5 3. Nc3 Nf6 4. e5 Nfd7 5. f4 c5 6. Nf3 Nc6 7. Be3 Be7 8. Qd2
O-O 9. a3 b6 10. g3 Bb7 11. h4 cxd4 12. Nxd4 Nc5 13. Bg2 a6 14. O-O Qc7 15. Rae1
b5 16. Qf2 Nxd4 17. Bxd4 Rad8 18. b4 Nd7 19. f5 Rfe8 20. fxe6 fxe6 21. Bh3 Nf8
22. Bb6 Qxc3 23. Bxd8 Rxd8 24. Qf7+ Kh8 25. Qxe7 Qc8 26. Rf7 Bc6 27. Ref1 Ng6
28. Qxe6 1-0

[Event "35th Zalakaros Open 2016"]
[Site "Zalakaros HUN"]
[Date "2016.06.04"]
[Round "9.46"]
[White "Damia, Angelo"]
[Black "Blazeka, Matej"]
[Result "0-1"]
[WhiteTitle "FM"]
[BlackTitle "FM"]
[WhiteElo "2254"]
[BlackElo "2341"]
[WhiteFideId "812668"]
[BlackFideId "14515741"]
[EventDate "2016.05.27"]

1. e4 e5 2. f4 d5 3. exd5 exf4 4. Bc4 Qh4+ 5. Kf1 f3 6. d4 fxg2+ 7. Kxg2 Bd6 8.
Nf3 Bh3+ 9. Kg1 Qg4+ 10. Kf2 Qg2+ 11. Ke3 Nf6 12. Kd3 Bf5+ 13. Kc3 Bxc2 14. Qe2+
Qxe2 15. Bxe2 Bxb1 16. Rxb1 Nxd5+ 17. Kb3 Nd7 18. Rg1 g6 19. Bc4 N7b6 20. Re1+
Kd7 21. Ne5+ Bxe5 22. Rxe5 Nxc4 23. Rxd5+ Nd6 24. Bf4 Rhe8 25. Rf1 f5 26. h4 b6
27. h5 Kc6 28. Re5 Rxe5 29. dxe5 Ne4 30. Rc1+ Nc5+ 31. Ka3 Kd5 0-1

[Event "35th Zalakaros Open 2016"]
[Site "Zalakaros HUN"]
[Date "2016.06.04"]
[Round "9.47"]
[White "Tesik, Csaba"]
[Black "Vegh, Endre"]
[Result "0-1"]
[WhiteTitle "FM"]
[BlackTitle "IM"]
[WhiteElo "2333"]
[BlackElo "2271"]
[WhiteFideId "735582"]
[BlackFideId "700568"]
[EventDate "2016.05.27"]

1. e4 g6 2. d4 Bg7 3. Nc3 Nc6 4. Be3 d5 5. exd5 Nb4 6. Bb5+ Bd7 7. Bc4 Bf5 8.
Bb3 Nf6 9. Nf3 Nbxd5 10. Nxd5 Nxd5 11. O-O O-O 12. Bg5 c6 13. Re1 Re8 14. c3 a5
15. h3 Qb6 16. Re2 h6 17. Bh4 Nf4 18. Rd2 Qa6 19. Bg3 Nd5 20. a3 a4 21. Ba2 Rad8
22. Ne5 Rf8 23. Qf3 Nf6 24. Re2 Nd5 25. Rae1 Qa8 26. Bh2 Qc8 27. g4 Be6 28. Qg2
Nf4 29. Bxe6 Nxe2+ 30. Rxe2 Qxe6 31. Qf3 Qd5 32. Qxd5 cxd5 33. Nd3 e6 34. Nc5 b5
35. Kg2 g5 36. f3 Rfe8 37. Nb7 Ra8 38. Nc5 Bf8 39. Nd3 Rec8 40. Rc2 Ra6 41. Bg3
f6 42. Re2 Kf7 43. Kf1 Rac6 44. Ke1 Bxa3 45. bxa3 Rxc3 46. Re3 b4 47. Kd2 Rc2+
48. Kd1 b3 49. Nc5 Rg2 50. Nxa4 Rc4 0-1

[Event "35th Zalakaros Open 2016"]
[Site "Zalakaros HUN"]
[Date "2016.06.04"]
[Round "9.48"]
[White "Gazik, Igor"]
[Black "Gyurkovics, Bence Dr."]
[Result "1-0"]
[WhiteTitle "IM"]
[WhiteElo "2302"]
[BlackElo "2233"]
[WhiteFideId "14900149"]
[BlackFideId "731927"]
[EventDate "2016.05.27"]

1. d4 Nf6 2. Nf3 e6 3. e3 b6 4. Bd3 Bb7 5. Nbd2 c5 6. O-O Be7 7. b3 O-O 8. Bb2
d5 9. Ne5 Nbd7 10. Qf3 h6 11. Rad1 Qc7 12. Nxd7 Nxd7 13. dxc5 bxc5 14. e4 d4 15.
Nc4 f5 16. Qh3 Qf4 17. exf5 exf5 18. Rde1 Rae8 19. Bc1 Qg4 20. Qxg4 fxg4 21. Bg6
Nf6 22. Re2 Bd5 23. Bxe8 Rxe8 24. Rfe1 Bf7 25. Rxe7 1-0

[Event "35th Zalakaros Open 2016"]
[Site "Zalakaros HUN"]
[Date "2016.06.04"]
[Round "9.49"]
[White "Skuhala, Jernej"]
[Black "Krstulovic, Alex"]
[Result "1/2-1/2"]
[BlackTitle "FM"]
[WhiteElo "2142"]
[BlackElo "2292"]
[WhiteFideId "14605651"]
[BlackFideId "760056"]
[EventDate "2016.05.27"]

1. e4 c5 2. Nf3 d6 3. d4 cxd4 4. Nxd4 Nf6 5. Nc3 a6 6. Be3 e5 7. Nb3 Be7 8. f3
Be6 9. Qd2 O-O 10. O-O-O Nbd7 11. g4 b5 12. g5 Nh5 13. Nd5 Bxd5 14. exd5 f5 15.
gxf6 Rxf6 16. Na5 Nf4 17. Nc6 Qf8 18. Re1 Bd8 19. c4 Bb6 20. Kb1 Bxe3 21. Rxe3
bxc4 22. Bxc4 Rg6 23. Qa5 Rg2 24. Qc7 Nc5 25. Ka1 Kh8 26. Rc3 Ng6 27. Bb3 e4 28.
Rxc5 dxc5 29. fxe4 Qf2 30. Rb1 Rg1 31. a3 Rxb1+ 32. Kxb1 Qe1+ 33. Ka2 Qxe4 34.
Nd8 Qe7 35. Nf7+ Kg8 36. Qc6 Rb8 37. d6 Qe3 38. Bc4 Qd4 39. Ne5+ 1/2-1/2

[Event "35th Zalakaros Open 2016"]
[Site "Zalakaros HUN"]
[Date "2016.06.04"]
[Round "9.50"]
[White "Laza, Szabolcs"]
[Black "Peczely, Sebastian Zsombor"]
[Result "1/2-1/2"]
[WhiteElo "2168"]
[BlackElo "2255"]
[WhiteFideId "741345"]
[BlackFideId "750964"]
[EventDate "2016.05.27"]

1. e4 c5 2. Nf3 Nc6 3. d4 cxd4 4. Nxd4 d5 5. Nxc6 bxc6 6. exd5 Qxd5 7. Nc3 Qxd1+
8. Nxd1 e5 9. Ne3 Be6 10. Nc4 f6 11. Be3 Ne7 12. Nd6+ Kd7 13. Ne4 Nd5 14. Nc5+
Bxc5 15. Bxc5 Kc7 16. O-O-O Rhd8 17. Ba6 Bf5 18. Rhe1 Nf4 19. Bf1 Ne6 20. Be3 a5
21. a4 c5 22. c3 Rac8 23. Ba6 Rb8 24. Bc4 Kc6 25. Bb5+ Kc7 26. Bc4 Kc6 27. Bb5+
Kc7 28. Bc4 1/2-1/2

[Event "35th Zalakaros Open 2016"]
[Site "Zalakaros HUN"]
[Date "2016.06.04"]
[Round "9.51"]
[White "Laliena Solanes, Luis"]
[Black "Plichta, Kamil"]
[Result "0-1"]
[BlackTitle "FM"]
[WhiteElo "2205"]
[BlackElo "2336"]
[WhiteFideId "2212560"]
[BlackFideId "1141830"]
[EventDate "2016.05.27"]

1. e4 Nf6 2. e5 Nd5 3. c4 Nb6 4. c5 Nd5 5. Nc3 e6 6. d4 Nxc3 7. bxc3 b6 8. cxb6
axb6 9. Qg4 c5 10. Nf3 Nc6 11. dxc5 bxc5 12. Be2 Qa5 13. Bd2 Qa4 14. c4 Qc2 15.
O-O Rxa2 16. Rxa2 Qxa2 17. Qe4 Be7 18. Bd3 Nb4 19. Bb1 Qa6 20. Qg4 g6 21. Bg5
Nc6 22. Qf4 Bb7 23. Be4 Bxg5 24. Nxg5 O-O 25. Qh4 h5 26. Bf3 Nxe5 27. Bxh5 gxh5
28. Qxh5 Kg7 29. Nh7 Ra8 30. Qxe5+ Kxh7 31. Rd1 Qc6 32. Qh5+ Kg8 33. Qg5+ Kf8
34. Qh6+ Ke8 35. Qg5 Qe4 36. Qg8+ Ke7 37. Qg5+ Kf8 38. Qxc5+ Kg8 39. f3 Qg6 40.
Qf2 Ra3 41. Qg3 Qxg3 42. hxg3 Bc6 43. Rc1 Ra2 44. Rd1 Kf8 45. Rd3 Ke7 46. Rc3 f5
47. Kh2 e5 48. Kh3 e4 49. fxe4 Bxe4 50. Re3 Kd6 51. g4 Bxg2+ 52. Kg3 fxg4 53.
Kxg4 Bf1 54. Re4 Rc2 55. Rd4+ Kc6 0-1

[Event "35th Zalakaros Open 2016"]
[Site "Zalakaros HUN"]
[Date "2016.06.04"]
[Round "9.52"]
[White "Gorcsi, Gabor"]
[Black "Tirelli, Mauro"]
[Result "1/2-1/2"]
[WhiteTitle "FM"]
[WhiteElo "2304"]
[BlackElo "2217"]
[WhiteFideId "763411"]
[BlackFideId "845353"]
[EventDate "2016.05.27"]

1. Nf3 e6 2. c4 Nf6 3. e3 b6 4. b3 Bb7 5. Bb2 a5 6. Be2 Be7 7. O-O O-O 8. Nc3 d6
9. d4 Nbd7 10. Qc2 Re8 11. Rfd1 h6 12. e4 Nf8 13. e5 N6d7 14. exd6 cxd6 15. d5
e5 16. Bc1 Ng6 17. Bd3 Nf4 18. Bxf4 exf4 19. Ne4 Nc5 20. Nxc5 bxc5 21. Re1 Bc8
22. h3 Rf8 23. Bf5 Bf6 24. Rab1 g6 25. Bxc8 Qxc8 26. Qe4 Qf5 27. Qxf5 gxf5 28.
Re2 Rfb8 29. Ne1 a4 30. Nd3 f3 31. gxf3 axb3 32. Rxb3 Rxb3 33. axb3 Ra3 34. Re8+
Kg7 35. Rb8 Bd4 36. Rb6 Ra1+ 1/2-1/2

[Event "35th Zalakaros Open 2016"]
[Site "Zalakaros HUN"]
[Date "2016.06.04"]
[Round "9.53"]
[White "Hardicsay, Peter"]
[Black "Goczo, Melinda"]
[Result "1/2-1/2"]
[WhiteTitle "IM"]
[BlackTitle "WIM"]
[WhiteElo "2245"]
[BlackElo "2175"]
[WhiteFideId "700622"]
[BlackFideId "711985"]
[EventDate "2016.05.27"]

1. e4 c5 2. c3 e6 3. d4 d5 4. exd5 exd5 5. Nf3 Nf6 6. Bb5+ Nc6 7. O-O Be7 8.
dxc5 Bxc5 9. Nbd2 O-O 10. Nb3 Be7 11. Nbd4 Qc7 12. Qa4 Bd7 13. Be3 Ng4 14. Rfe1
a6 15. Nxc6 bxc6 16. Bd3 Bd6 17. h3 Nxe3 18. Rxe3 Bf4 19. Re7 Rfd8 20. Rae1 Qd6
21. Qc2 g6 22. c4 Qf6 23. R7e2 Be6 24. b3 a5 25. Ne5 1/2-1/2

[Event "35th Zalakaros Open 2016"]
[Site "Zalakaros HUN"]
[Date "2016.06.04"]
[Round "9.54"]
[White "Balokas, Dimitrios"]
[Black "Horvath, Dominik"]
[Result "1/2-1/2"]
[WhiteElo "2170"]
[BlackElo "2286"]
[WhiteFideId "4216920"]
[BlackFideId "1642561"]
[EventDate "2016.05.27"]

1. d4 Nf6 2. c4 g6 3. Nc3 Bg7 4. e4 d6 5. Bd3 O-O 6. Nge2 Nc6 7. O-O Nh5 8. Bc2
e5 9. Be3 f5 10. exf5 gxf5 11. d5 Ne7 12. Ng3 Nf4 13. Nh5 Nxh5 14. Qxh5 Ng6 15.
Bg5 Qe8 16. Rae1 Qf7 17. Kh1 Bd7 18. f4 Rae8 19. fxe5 Nxe5 20. Qxf7+ Rxf7 21. b3
Ref8 22. Ne2 h6 23. Be3 Ng4 24. Bg1 f4 25. Nd4 Ne3 26. Bxe3 fxe3 27. Rxf7 Rxf7
28. Nf3 Re7 29. Bd3 c6 30. h3 Be8 31. Nh4 Re5 32. Nf3 Re7 33. Nh4 Re5 34. Nf3
Re7 1/2-1/2